01406nam a2200241Ia 4500001001100000003001000011008004100021040002500062041001400087100002400101245002000125250001100145260009200156300002700248500026200275501011400537520026200651650003400913942000700947957000600954999004200960952016201002L240-12519IT-CnALBA170116s9999||||xx |||||||||||||| ||und|| aIT-CnALBAcIT-CnALBA aSPAGNOLO  aMAZZEL MASSIMILIANO 0aAMOR DE MADRE.  a1a ed. aCINISELLO BALSAMO (MI)bEDIZIONI PAOLINEc1953 [1° Ed.:1953 - Ed.Ling.Originale: 1953] a345 p. (prefazione: 5) aTRADUZIONE DALL'ITALIANO DI C. RUIZ GARRIDO. MISSIONE MATERNA. REGOLAZIONE DELLE NASCITE. MATERNITÀ SPIRITUALE. NASCITA. BATTESIMO. PRIMA EDUCAZIONE. EDUCAZIONE DELL'INFANZIA, DELL'ADOLESCENZA. EDUCAZIONE ALLA PREGHIERA. LIBRI. CINEMA. ASSOCIAZIONI. SOFFE aSocietà San Paolo EM - Piazza San Paolo, 14 - 12051 ALBA (CN) (non commercial uses only) ® Copyright 2017 aTRADUZIONE DALL'ITALIANO DI C. RUIZ GARRIDO. MISSIONE MATERNA. REGOLAZIONE DELLE NASCITE. MATERNITÀ SPIRITUALE. NASCITA. BATTESIMO. PRIMA EDUCAZIONE. EDUCAZIONE DELL'INFANZIA, DELL'ADOLESCENZA. EDUCAZIONE ALLA PREGHIERA. LIBRI. CINEMA. ASSOCIAZIONI. SOFFE aTEOLOGIA SPIRITUALE CRISTIANA cBK 71 a17272bNOg Copie: 1 c271695d271695 0010406L_2401251971aALBAbALBAd2017-01-16l0oL240-12519r2017-01-16 00:00:00w2017-01-16yBKz(data import: 16 gennaio 2017) - By Epidotti, Vaglietti.